<?xml version="1.0" encoding="UTF-8"?>
<record
    xmlns:xsi="http://www.w3.org/2001/XMLSchema-instance"
    xsi:schemaLocation="http://www.loc.gov/MARC21/slim http://www.loc.gov/standards/marcxml/schema/MARC21slim.xsd"
    xmlns="http://www.loc.gov/MARC21/slim">

  <leader>04481nam a22006617a 4500</leader>
  <controlfield tag="001">42835</controlfield>
  <controlfield tag="003">gtgccic</controlfield>
  <controlfield tag="005">20250731142931.0</controlfield>
  <controlfield tag="007">ta</controlfield>
  <controlfield tag="008">250731b        ck ||||| |||| 00| 0 spa d</controlfield>
  <datafield tag="020" ind1=" " ind2=" ">
    <subfield code="a">958600659 t. 1</subfield>
  </datafield>
  <datafield tag="020" ind1=" " ind2=" ">
    <subfield code="a">9586006603 t. 2</subfield>
  </datafield>
  <datafield tag="020" ind1=" " ind2=" ">
    <subfield code="a">9586006611 t. 3</subfield>
  </datafield>
  <datafield tag="020" ind1=" " ind2=" ">
    <subfield code="a">958600662 t. 4</subfield>
  </datafield>
  <datafield tag="020" ind1=" " ind2=" ">
    <subfield code="a">9586581 Obra completa</subfield>
  </datafield>
  <datafield tag="040" ind1=" " ind2=" ">
    <subfield code="a">gtgccic</subfield>
    <subfield code="b">spa</subfield>
    <subfield code="c">gtgccic</subfield>
    <subfield code="d">gtgccic</subfield>
    <subfield code="e">rda</subfield>
  </datafield>
  <datafield tag="082" ind1=" " ind2=" ">
    <subfield code="a">690 M572:5 t. 1</subfield>
  </datafield>
  <datafield tag="082" ind1=" " ind2=" ">
    <subfield code="a">690 M572:5 t. 2</subfield>
  </datafield>
  <datafield tag="082" ind1=" " ind2=" ">
    <subfield code="a">690 M572:5 t. 3</subfield>
  </datafield>
  <datafield tag="082" ind1=" " ind2=" ">
    <subfield code="a">690 M575:5 t. 4</subfield>
  </datafield>
  <datafield tag="100" ind1="1" ind2=" ">
    <subfield code="a">Frederick S. Merritt,</subfield>
    <subfield code="b">Consulting Engineer, West Palm Beach, Florida</subfield>
    <subfield code="e">Editor</subfield>
  </datafield>
  <datafield tag="100" ind1="1" ind2=" ">
    <subfield code="a">Jonathan T. Ricketts,</subfield>
    <subfield code="b">Consulting Engineer, Palm Spring, Florida</subfield>
    <subfield code="e">Editor</subfield>
  </datafield>
  <datafield tag="245" ind1=" " ind2=" ">
    <subfield code="a">Manual integral para dise&#xF1;o y construcci&#xF3;n /</subfield>
    <subfield code="c">Merritt, Frederick S.</subfield>
  </datafield>
  <datafield tag="250" ind1=" " ind2=" ">
    <subfield code="a">5a. ed. </subfield>
    <subfield code="b">Traducido de Building design and construction handbook</subfield>
  </datafield>
  <datafield tag="264" ind1=" " ind2=" ">
    <subfield code="a">Colombia :</subfield>
    <subfield code="b">McGraw-Hill ;</subfield>
    <subfield code="c">1997.</subfield>
  </datafield>
  <datafield tag="300" ind1=" " ind2=" ">
    <subfield code="a">xxiv, p. irreg. :</subfield>
    <subfield code="b">il.</subfield>
    <subfield code="c">24 cm</subfield>
  </datafield>
  <datafield tag="336" ind1=" " ind2=" ">
    <subfield code="2">rdacontenido</subfield>
    <subfield code="a">texto</subfield>
    <subfield code="b">txt</subfield>
  </datafield>
  <datafield tag="337" ind1=" " ind2=" ">
    <subfield code="2">rdamedio</subfield>
    <subfield code="a">sin mediaci&#xF3;n</subfield>
    <subfield code="b">n</subfield>
  </datafield>
  <datafield tag="338" ind1=" " ind2=" ">
    <subfield code="2">rdasoporte</subfield>
    <subfield code="a">volumen</subfield>
    <subfield code="b">nc</subfield>
  </datafield>
  <datafield tag="505" ind1=" " ind2=" ">
    <subfield code="g">Secci&#xF3;n 1</subfield>
    <subfield code="r">Frederick S. Merritt</subfield>
    <subfield code="t">SISTEMAS DE CONSTRUCCI&#xD3;N</subfield>
  </datafield>
  <datafield tag="505" ind1=" " ind2=" ">
    <subfield code="g">Secci&#xF3;n 2</subfield>
    <subfield code="r">Alan D. Hinklin</subfield>
    <subfield code="t">EL EQUIPO DE CONSTRUCCI&#xD3;N.  ADMINISTRACI&#xD3;N DEL PROCESO DE CONSTRUCCI&#xD3;N</subfield>
  </datafield>
  <datafield tag="505" ind1=" " ind2=" ">
    <subfield code="g">Secci&#xF3;n 3</subfield>
    <subfield code="r">Frederick S. Merritt</subfield>
    <subfield code="t">PROTECCI&#xD3;N CONTRA SINIESTROS</subfield>
  </datafield>
  <datafield tag="505" ind1=" " ind2=" ">
    <subfield code="g">Secci&#xF3;n 4</subfield>
    <subfield code="r">Frederick S. Merritt y David J. Akers</subfield>
    <subfield code="t">MATERIALES DE CONSTRUCCI&#xD3;N</subfield>
  </datafield>
  <datafield tag="505" ind1=" " ind2=" ">
    <subfield code="g">Secci&#xF3;n 5</subfield>
    <subfield code="r">Frederick S. Merritt</subfield>
    <subfield code="t">TEOR&#xCD;A ESTRUCTURAL</subfield>
  </datafield>
  <datafield tag="505" ind1=" " ind2=" ">
    <subfield code="g">Secci&#xF3;n 6</subfield>
    <subfield code="r">Charles P. Gupton</subfield>
    <subfield code="t">MEC&#xC1;NICA DE SUELOS Y CIMENTACIONES</subfield>
  </datafield>
  <datafield tag="505" ind1=" " ind2=" ">
    <subfield code="g">Secci&#xF3;n 7</subfield>
    <subfield code="r">Bruce Glidden</subfield>
    <subfield code="t">CONSTRUCCI&#xD3;N EN ACERO ESTRUCTURAL</subfield>
  </datafield>
  <datafield tag="505" ind1=" " ind2=" ">
    <subfield code="g">Secci&#xF3;n 8</subfield>
    <subfield code="r">Don S. Wolford</subfield>
    <subfield code="t">CONSTRUCCI&#xD3;N EN ACERO CONFORMADO EN FR&#xCD;O</subfield>
  </datafield>
  <datafield tag="505" ind1=" " ind2=" ">
    <subfield code="g">Secci&#xF3;n 9</subfield>
    <subfield code="r">Edward S. Hoffman</subfield>
    <subfield code="t">CONSTRUCCI&#xD3;N EN HORMIG&#xD3;N</subfield>
  </datafield>
  <datafield tag="505" ind1=" " ind2=" ">
    <subfield code="g">Secci&#xF3;n 10</subfield>
    <subfield code="r">John &#xA8;Buddy&#xA8;  Showalter y Thomas G. Williamson</subfield>
    <subfield code="t">CONSTRUCCI&#xD3;N EN MADERA</subfield>
  </datafield>
  <datafield tag="505" ind1=" " ind2=" ">
    <subfield code="g">Secci&#xF3;n 11</subfield>
    <subfield code="r">Frederic S. Merritt</subfield>
    <subfield code="t">MUROS, PISOS Y SISTEMAS DE CIELOS RASOS</subfield>
  </datafield>
  <datafield tag="505" ind1=" " ind2=" ">
    <subfield code="g">Secci&#xF3;n 12</subfield>
    <subfield code="r">Thomas Lee Smith</subfield>
    <subfield code="t">SISTEMAS DE CUBIERTA</subfield>
  </datafield>
  <datafield tag="505" ind1=" " ind2=" ">
    <subfield code="g">Secci&#xF3;n 13</subfield>
    <subfield code="r">Frank C. Yanocha</subfield>
    <subfield code="t">CALEFACCI&#xD3;N, VENTILACI&#xD3;N Y AIRE ACONDICIONADO</subfield>
  </datafield>
  <datafield tag="505" ind1=" " ind2=" ">
    <subfield code="g">Secci&#xF3;n 14</subfield>
    <subfield code="r">Gregory P. Gladfelter</subfield>
    <subfield code="t">INSTALACIONES SANITARIAS. ABASTECIMIENTO DE AGUA POTABLE, EQUIPOS CONTRAINCENDIO Y SISTEMAS DE AGUAS RESIDUALES</subfield>
  </datafield>
  <datafield tag="505" ind1=" " ind2=" ">
    <subfield code="g">Secci&#xF3;n 15</subfield>
    <subfield code="r">James M. Bannon</subfield>
    <subfield code="t">SISTEMAS EL&#xC9;CTRICOS</subfield>
  </datafield>
  <datafield tag="505" ind1=" " ind2=" ">
    <subfield code="g">Secci&#xF3;n 16</subfield>
    <subfield code="r">Steven D. Edgett</subfield>
    <subfield code="t">CIRCULACI&#xD3;N VERTICAL</subfield>
  </datafield>
  <datafield tag="505" ind1=" " ind2=" ">
    <subfield code="g">Secci&#xF3;n 17</subfield>
    <subfield code="r">Robert F. Borg y Kirl J Borg</subfield>
    <subfield code="t">ADMINISTRACI&#xD3;N DE PROYECTOS DE CONSTRUCCI&#xD3;N</subfield>
  </datafield>
  <datafield tag="505" ind1=" " ind2=" ">
    <subfield code="g">Secci&#xF3;n 18</subfield>
    <subfield code="r">John H. Baker</subfield>
    <subfield code="t">LEVANTAMIENTO DE PLANOS PARA LA CONSTRUCCI&#xD3;N DE UN EDIFICIO</subfield>
  </datafield>
  <datafield tag="505" ind1=" " ind2=" ">
    <subfield code="g">Secci&#xF3;n 19</subfield>
    <subfield code="r">Colman J. Mullin y Robert H. Kantor</subfield>
    <subfield code="t">C&#xC1;LCULO DE COSTOS DE CONSTRUCCI&#xD3;N</subfield>
  </datafield>
  <datafield tag="505" ind1=" " ind2=" ">
    <subfield code="g">Ap&#xE9;ndice</subfield>
    <subfield code="r">Frederick S. Merritt</subfield>
    <subfield code="t">FACTORES PARA LA CONVERSI&#xD3;N AL SISTEMA M&#xC9;TRICO DE UNIDADES (SI)</subfield>
  </datafield>
  <datafield tag="520" ind1=" " ind2=" ">
    <subfield code="a">El libro presenta en varios vol&#xFA;menes lo mejor de las pr&#xE1;cticas habituales de dise&#xF1;o y construcci&#xF3;n de edificios, informaci&#xF3;n que ser&#xE1; de gran utilidad para quienes tengan que tomar decisiones relativas a selecci&#xF3;n de materiales y m&#xE9;todos de construcci&#xF3;n.  Se ha hecho &#xE9;nfasis en los principios fundamentales y aplicaciones pr&#xE1;cticas de ellos, con atenci&#xF3;n especial a los procedimientos simplificados.  Los cambios sociol&#xF3;gicos, los progresos de la industria y el comercio, los nuevos c&#xF3;digos de construcci&#xF3;n, la expedici&#xF3;n de nuevas leyes y regulaciones, las econom&#xED;as afectadas por la inflaci&#xF3;n as&#xED; como los avances en la tecnolog&#xED;a de la construcci&#xF3;n son factores que generan preocupaciones e inquietudes cada vez mayores a los constructores y dise&#xF1;adores de edificios, quienes necesitan conocimientos y destrezas m&#xE1;s amplias con el objeto de hacerles frente a esas exigencias.  El p&#xFA;blico solicita edificios m&#xE1;s complejos que en el pasado, ya que deben servir para m&#xE1;s prop&#xF3;sitos, ser de mayor duraci&#xF3;n y requerir menos mantenimiento y reparaciones. Claro que tambi&#xE9;n deben ser est&#xE9;ticamente agradables.</subfield>
  </datafield>
  <datafield tag="650" ind1=" " ind2=" ">
    <subfield code="a">INGEDNIER&#xCD;A DE LA CONSTRUCCI&#xD3;N</subfield>
  </datafield>
  <datafield tag="650" ind1=" " ind2=" ">
    <subfield code="a">MATERIALES DE CONSTRUCCI&#xD3;N</subfield>
  </datafield>
  <datafield tag="650" ind1=" " ind2=" ">
    <subfield code="a">MEC&#xC1;NICA DE SUELOS</subfield>
  </datafield>
  <datafield tag="700" ind1=" " ind2=" ">
    <subfield code="a">Eduardo Carriazo Paz</subfield>
    <subfield code="d">Ingeniero civil Universidad Nacional de Colombia</subfield>
    <subfield code="e">Traducci&#xF3;n</subfield>
  </datafield>
  <datafield tag="700" ind1=" " ind2=" ">
    <subfield code="a">F&#xE9;lix Esquivia Mu&#xF1;oz</subfield>
    <subfield code="d">Corporaci&#xF3;n Universitaria Santaf&#xE9; de Bogot&#xE1;</subfield>
    <subfield code="e">Analista qu&#xED;mico</subfield>
  </datafield>
  <datafield tag="942" ind1=" " ind2=" ">
    <subfield code="2">ddc</subfield>
    <subfield code="c">BK</subfield>
    <subfield code="n">0</subfield>
  </datafield>
  <datafield tag="945" ind1=" " ind2=" ">
    <subfield code="a">amlo</subfield>
  </datafield>
  <datafield tag="999" ind1=" " ind2=" ">
    <subfield code="c">754</subfield>
    <subfield code="d">754</subfield>
  </datafield>
  <datafield tag="952" ind1=" " ind2=" ">
    <subfield code="0">0</subfield>
    <subfield code="1">0</subfield>
    <subfield code="2">ddc</subfield>
    <subfield code="4">0</subfield>
    <subfield code="7">0</subfield>
    <subfield code="a">CICON</subfield>
    <subfield code="b">CICON</subfield>
    <subfield code="c">GEN</subfield>
    <subfield code="d">2025-07-31</subfield>
    <subfield code="e">compra</subfield>
    <subfield code="i">8.3.01.H.10112/98</subfield>
    <subfield code="l">0</subfield>
    <subfield code="o">690 M572:5 t. 1</subfield>
    <subfield code="p">Cicon8.3.01.H.10112/</subfield>
    <subfield code="r">2025-07-31 12:49:39</subfield>
    <subfield code="t">1</subfield>
    <subfield code="w">2025-07-31</subfield>
    <subfield code="y">BK</subfield>
  </datafield>
  <datafield tag="952" ind1=" " ind2=" ">
    <subfield code="0">0</subfield>
    <subfield code="1">0</subfield>
    <subfield code="2">ddc</subfield>
    <subfield code="4">0</subfield>
    <subfield code="7">0</subfield>
    <subfield code="a">CICON</subfield>
    <subfield code="b">CICON</subfield>
    <subfield code="c">GEN</subfield>
    <subfield code="d">2025-07-31</subfield>
    <subfield code="e">compra</subfield>
    <subfield code="i">8.3.01.H.10112/98</subfield>
    <subfield code="l">0</subfield>
    <subfield code="o">690 M572:5 t. 2</subfield>
    <subfield code="r">2025-07-31 14:19:45</subfield>
    <subfield code="t">1</subfield>
    <subfield code="w">2025-07-31</subfield>
    <subfield code="y">BK</subfield>
  </datafield>
  <datafield tag="952" ind1=" " ind2=" ">
    <subfield code="0">0</subfield>
    <subfield code="1">0</subfield>
    <subfield code="2">ddc</subfield>
    <subfield code="4">0</subfield>
    <subfield code="7">0</subfield>
    <subfield code="a">CICON</subfield>
    <subfield code="b">CICON</subfield>
    <subfield code="c">GEN</subfield>
    <subfield code="d">2025-07-31</subfield>
    <subfield code="e">compra</subfield>
    <subfield code="i">8.3.01.H.10112/98</subfield>
    <subfield code="l">0</subfield>
    <subfield code="o">690 M572:5 t. 3</subfield>
    <subfield code="r">2025-07-31 14:19:00</subfield>
    <subfield code="t">1</subfield>
    <subfield code="w">2025-07-31</subfield>
    <subfield code="y">BK</subfield>
  </datafield>
  <datafield tag="952" ind1=" " ind2=" ">
    <subfield code="0">0</subfield>
    <subfield code="1">0</subfield>
    <subfield code="2">ddc</subfield>
    <subfield code="4">0</subfield>
    <subfield code="7">0</subfield>
    <subfield code="a">CICON</subfield>
    <subfield code="b">CICON</subfield>
    <subfield code="c">GEN</subfield>
    <subfield code="d">2025-07-31</subfield>
    <subfield code="e">compra</subfield>
    <subfield code="i">8.3.01.H.10112/98</subfield>
    <subfield code="l">0</subfield>
    <subfield code="o">690 M572:5 t. 4</subfield>
    <subfield code="r">2025-07-31 14:19:00</subfield>
    <subfield code="t">1</subfield>
    <subfield code="w">2025-07-31</subfield>
    <subfield code="y">BK</subfield>
  </datafield>
</record>
